Healthy development: the World Bank strategy for health, nutrition, and population results (Record no. 31668)

MARC details
000 -LEADER
fixed length control field 00687nam a2200157 a 4500
008 - FIXED-LENGTH DATA ELEMENTS--GENERAL INFORMATION
fixed length control field 131002s2007 ||||||||||||||||| || u
020 ## - INTERNATIONAL STANDARD BOOK NUMBER
International Standard Book Number 9780821371930
050 ## - LIBRARY OF CONGRESS CALL NUMBER
Classification number RA 410.55.D48 HEA
110 ## - MAIN ENTRY--CORPORATE NAME
Corporate name or jurisdiction name as entry element World Bank
245 10 - TITLE STATEMENT
Title Healthy development: the World Bank strategy for health, nutrition, and population results
Statement of responsibility, etc. by the World Bank
260 ## - PUBLICATION, DISTRIBUTION, ETC.
Place of publication, distribution, etc. Washington DC:
Name of publisher, distributor, etc. World Bank
Date of publication, distribution, etc. 2007
300 ## - PHYSICAL DESCRIPTION
Extent xix, 220p.: ill.
650 ## - SUBJECT ADDED ENTRY--TOPICAL TERM
Topical term or geographic name entry element PUBLIC HEALTH--DEVELOPING COUNTRIES--FINANCE
650 ## - SUBJECT ADDED ENTRY--TOPICAL TERM
Topical term or geographic name entry element WORLD BANK
995 ## -
-- MICHAEL CHILUFYA SATA OPEN ACCESS
-- 902359
-- CBU-SCHOOL OF MEDICINE LIBRARY (Ndola)
-- RA 410.55.D48 HEA
-- 1
-- AVAILABLE
-- Nov 6, 2013
-- 902359
-- Medical Library Open Access Collection
999 ## -
-- 31668
-- 31668
Holdings
Withdrawn status Lost status Source of classification or shelving scheme Damaged status Not for loan Permanent Location Current Location Shelving location Date acquired Total Checkouts Full call number Barcode Date last seen Price effective from Koha item type
          CBU-SCHOOL OF MEDICINE LIBRARY, NDOLA. CBU-SCHOOL OF MEDICINE LIBRARY, NDOLA.   11/30/2022   RA 410.55.D48 HEA 902359 11/30/2022 11/30/2022 MONOGRAPH